00435 a2200121 4500001001000000005001700010008004100027245004600068100002600114700002400140773013200164999001700296ART_4274220260410161737.0260409a 10aMacro y micro: las pymes frente al cambio1 aTigani, Eugenio Pablo1 aBroda, Miguel Angel0 tEjecutivos de finanzasgA.F.J.P. Medición y evaluación de la perfomance financiera - Año 12, Nº 131 (nov. 1996)wREV2863 c18392d18392